El concepto de calidad de la educación
Na minha lista:
| Autor principal: | |
|---|---|
| Formato: | Livro |
| Idioma: | espanhol |
| Publicado em: |
Santiago
UNESCO-OREALC
1991
|
| Assuntos: | |
| Tags: |
Adicionar Tag
Sem tags, seja o primeiro a adicionar uma tag!
|
MARC
| LEADER | 00000nam a2200000 a 4500 | ||
|---|---|---|---|
| 001 | UCW6725 | ||
| 003 | CL-VaPUC | ||
| 008 | 920430e19910000CL |||||||||||||||||spa|d | ||
| 082 | 0 | 4 | |a 370.1 |b EDW |2 21 |
| 100 | 0 | |a Edwards Risopatrón, Verónica |e author |9 311783 | |
| 245 | 1 | 3 | |a El concepto de calidad de la educación |
| 300 | |a 68 p | ||
| 942 | |c BK | ||
| 945 | |d 19920430 00:00:00 | ||
| 260 | |a Santiago |b UNESCO-OREALC |c 1991 | ||
| 650 | 0 | |a Calidad de la educación |9 307271 | |
| 583 | |a last modification |c 19920430 00:00:00 |k Rodrigo Vera | ||
| 999 | |c 219689 |d 219687 | ||
| 952 | |0 0 |1 0 |4 0 |6 370_100000000000000_EDW_1991 |7 0 |8 A |9 210906 |a BIBEDU |b BIBEDU |d 2019-11-15 |i 2791374 |o 370.1 EDW 1991 |p 2791374 |r 2019-11-15 |w 2019-11-15 |y BK |k EDU | ||
| 952 | |0 0 |1 0 |4 0 |6 370_100000000000000_EDW_1991 |7 0 |8 A |9 210907 |a BIBEDU |b BIBEDU |d 2019-11-15 |i 469354K |o 370.1 EDW 1991 |p 469354K |r 2019-11-15 |w 2019-11-15 |y BK |k EBA | ||